| 000 | 01187nam a22002537a 4500 | ||
|---|---|---|---|
| 003 | NALT | ||
| 005 | 20230523113000.0 | ||
| 008 | s2556 th tha d | ||
| 020 | _a9786165361088 | ||
| 040 | _aNALT | ||
| 041 | _atha | ||
| 050 |
_aRA 784.5 _bป547ก 2556 |
||
| 100 | 0 |
_aปานเทพ พัวพงษ์พันธ์ _919804 |
|
| 245 | 1 | 0 |
_aกิน-ดื่มด่าง ล้างพิษตับ 2 : _bรหัสลับล้างพิษตับ / _cปานเทพ พัวพงษ์พันธ์. |
| 260 |
_aกรุงเทพฯ : _bบ้านพระอาทิตย์, _c2556. |
||
| 300 |
_a358 หน้า : _bภาพประกอบ ; _c21 ซม. |
||
| 650 | 4 |
_aการรักษาด้วยธรรมชาติ _921235 |
|
| 650 | 4 |
_aธรรมชาติบำบัด _921233 |
|
| 650 | 0 |
_aการดูแลสุขภาพด้วยตนเอง _910701 |
|
| 650 | 4 |
_aการล้างพิษ _921643 |
|
| 850 | _aNALT | ||
| 942 |
_cGB _2lcc |
||
| 998 |
_bปรียานุช คลอวุฒิวัฒน์ _bphon _c101 _j1020 _k นางจำเรียง ระวังสำโรง |
||
| 999 |
_c70035 _d70035 |
||